书目信息

书名: 二级注册建筑师资格考试建筑结构与设备模拟知识题 
作者: 任乃鑫 主编
出版信息: 大连   大连理工大学出版社  2019.1
开本页数: 29cm  393页
丛书名:
单 册:
中图分类: TU3 TU8
科图分类:
主题词: 建筑结构--jian zhu jie gou--资格考试--试题 , 房屋建筑设备--fang wu jian zhu she bei--资格考试--试题
电子资源:
ISBN: 978-7-5685-1894-9
000 01128nam0 2200265 450
001 012019000608
005 20190906165027.8
010    @a978-7-5685-1894-9@dCNY78.00
100    @a20190306d2019 em y0chiy50 ea
101 @achi
102    @aCN@b210000
105    @aak a 000yy
106    @ar
200 @a二级注册建筑师资格考试建筑结构与设备模拟知识题@Aer ji zhu ce jian zhu shi zi ge kao shi jian zhu jie gou yu she bei mo ni zhi shi ti@f主编任乃鑫
210    @a大连@c大连理工大学出版社@d2019.1
215    @a393页@c图@d29cm
320    @a有书目 (第390-393页)
330    @a本书根据二级注册建筑师资格考试大纲和考试实战经验编写而成, 汇编历年考题、模拟题, 力求达到为考生顺利通过考试而服务的目的。精编考试题目, 详细解答考题正确答案, 集中对建筑结构与建筑设备知识题进行有针对性的应试训练, 辅助考生在有限时间内迅速掌握考题知识点。
606 @a建筑结构@Ajian zhu jie gou@x资格考试@j试题
606 @a房屋建筑设备@Afang wu jian zhu she bei@x资格考试@j试题
690    @aTU3@v5
690    @aTU8@v5
701  0 @a任乃鑫@Aren nai xin@4主编
801  0 @aCN@b湖北三新@c20190906
905    @aCDNYKJZYXY@b300601695-7@dTU3@e333@f3
    
    二级注册建筑师资格考试建筑结构与设备模拟知识题/主编任乃鑫.-大连:大连理工大学出版社,2019.1
    393页:图;29cm
    
    
    ISBN 978-7-5685-1894-9:CNY78.00
    本书根据二级注册建筑师资格考试大纲和考试实战经验编写而成, 汇编历年考题、模拟题, 力求达到为考生顺利通过考试而服务的目的。精编考试题目, 详细解答考题正确答案, 集中对建筑结构与建筑设备知识题进行有针对性的应试训练, 辅助考生在有限时间内迅速掌握考题知识点。
相关链接 在五车中查询图书 在当当中查询图书 在豆瓣中查询图书


正题名:二级注册建筑师资格考试建筑结构与设备模拟知识题     索取号:TU3/333         预约/预借

序号 登录号 条形码 馆藏地/架位号 状态 备注
1 601695   300601695   柳城-5楼/39架8列6层/ [索取号:TU3/333] 在馆    
2 601696   300601696   柳城-5楼/39架8列6层/ [索取号:TU3/333] 在馆    
3 601697   300601697   柳城-5楼/39架8列6层/ [索取号:TU3/333] 在馆